000 00571nam a2200217Ia 4500
005 20260429112104.0
008 260429s9999||||xx |||||||||||||| ||und||
020 _a9781032265032
041 _aEnglish
082 _a304.2
_bHAZ
100 _aHazen, Helen
245 0 _aIntroduction to environment, society and sustainability /
_cHelen Hazen
250 _a1st ed.
260 _aLondon :
_bRoutledge,
_c2025.
300 _axxi, 359 p.; pbk
650 _a Society
650 _a Sustainability
650 _aEnvironment
700 _a Sutton, Paul
942 _cTB
999 _c52288
_d52288